<?xml version="1.0" encoding="UTF-8"?>
<record
    xmlns:xsi="http://www.w3.org/2001/XMLSchema-instance"
    xsi:schemaLocation="http://www.loc.gov/MARC21/slim http://www.loc.gov/standards/marcxml/schema/MARC21slim.xsd"
    xmlns="http://www.loc.gov/MARC21/slim">

  <leader>02017nam a2200205Ia 4500</leader>
  <controlfield tag="001">b6580-47503 </controlfield>
  <controlfield tag="003">IT-MiCISF</controlfield>
  <controlfield tag="008">161014s9999||||xx |||||||||||||| ||und||</controlfield>
  <datafield tag="040" ind1=" " ind2=" ">
    <subfield code="a">IT-MiCISF</subfield>
    <subfield code="c">IT-MiCISF</subfield>
  </datafield>
  <datafield tag="041" ind1=" " ind2=" ">
    <subfield code="a">it</subfield>
  </datafield>
  <datafield tag="100" ind1=" " ind2=" ">
    <subfield code="a">Fregni Gianfranco</subfield>
  </datafield>
  <datafield tag="245" ind1=" " ind2="0">
    <subfield code="a">L'amore di Dio nella casa degli uomini</subfield>
    <subfield code="b">Scritti di spiritualit&#xE0; familiare</subfield>
  </datafield>
  <datafield tag="250" ind1=" " ind2=" ">
    <subfield code="a">1a ed.</subfield>
  </datafield>
  <datafield tag="260" ind1=" " ind2=" ">
    <subfield code="a">Bologna</subfield>
    <subfield code="b">Dehoniane</subfield>
    <subfield code="c">2009</subfield>
  </datafield>
  <datafield tag="300" ind1=" " ind2=" ">
    <subfield code="a">pp. 269</subfield>
  </datafield>
  <datafield tag="500" ind1=" " ind2=" ">
    <subfield code="a">a cura di: Campanini G., Deoriti A., Ridolfi P., Dore G., Fughelli A. / spiritualit&#xE0;-coniugale, spiritualit&#xE0;-familiare, bibbia, chiesa-domestica, vocazione, pastorale-familiare / Nel nascere e nell'affermarsi della pastorale familiare in Italia, don Gianfranco Fregni (1934-1999) occupa un posto tutto particolare. Malgrado il suo impegno si sia svolto all'interno della diocesi di Bologna, il suo ministero si &#xE8; progressivamente irradiato in tutta Italia attraverso una fitta rete di presenze, dalla partecipazione ai convegni ai numerosissimi incontri con coppie di sposi, che gli consentirono di stabilire solidi legami con tutto il movimento italiano di pastorale familiare e con lo stesso episcopato che ripetutamente si avvalse della sua competenza. Questi gli aspetti principali dei contributi presentati nel volume (compresi tra il 1972 e il 1997): la capacit&#xE0; di partire dal testo biblico, per mostrarne la fecondit&#xE0; in ordine alla vita della famiglia cristiana; la riscoperta della famiglia come unit&#xE0;, e dunque come comunit&#xE0;, a partire dalla centralit&#xE0; della casa; il superamento di una visione giuridico-canonica del matrimonio, con il recupero della sua dimensione misterica, e infine l'attenzione alle situazioni di difficolt&#xE0; relazionale della coppia, in una prospettiva di misericordia assai pi&#xF9; che di giudizio, di autentica &#xAB;prossimit&#xE0;&#xBB; della comunit&#xE0; cristiana a quanti vivono in situazione, almeno formalmente, &#xAB;irregolare&#xBB;.</subfield>
  </datafield>
  <datafield tag="650" ind1=" " ind2=" ">
    <subfield code="a"> Temi di pastorale / pastorale-familiare</subfield>
    <subfield code="e">012</subfield>
  </datafield>
  <datafield tag="942" ind1=" " ind2=" ">
    <subfield code="c">BK</subfield>
  </datafield>
  <datafield tag="957" ind1=" " ind2=" ">
    <subfield code="7">1</subfield>
  </datafield>
  <datafield tag="999" ind1=" " ind2=" ">
    <subfield code="a">47503</subfield>
    <subfield code="b">si</subfield>
    <subfield code="g">1</subfield>
    <subfield code="c">210450</subfield>
    <subfield code="d">210450</subfield>
  </datafield>
  <datafield tag="952" ind1=" " ind2=" ">
    <subfield code="0">0</subfield>
    <subfield code="1">0</subfield>
    <subfield code="4">0</subfield>
    <subfield code="6">B_658047503</subfield>
    <subfield code="7">1</subfield>
    <subfield code="a">CISF</subfield>
    <subfield code="b">CISF</subfield>
    <subfield code="d">2016-10-14</subfield>
    <subfield code="l">0</subfield>
    <subfield code="o">b6580-47503 </subfield>
    <subfield code="r">2016-10-14 00:00:00</subfield>
    <subfield code="w">2016-10-14</subfield>
    <subfield code="y">BK</subfield>
    <subfield code="z">Data import 15.10.2016 / by Epidotti, Vaglietti</subfield>
  </datafield>
</record>
